| 000 | 01106nam a2200313Ia 4500 | ||
|---|---|---|---|
| 001 | Para_9669 | ||
| 003 | CHAP | ||
| 008 | 220125s9999 xx 000 0 und d | ||
| 010 | _a208345 | ||
| 040 | _cCHAP | ||
| 090 | _aPA TESIS 2290 | ||
| 100 |
_aRodríguez López, Carmen _998637 |
||
| 245 |
_aIncidencia de enfermedades fungosas en trigo (Triticum aestivum L.) bajo siembra en camas permanentes en los Valles altos de México / _c Carmen Rodríguez López. |
||
| 260 |
_aChapingo, Méx. : _b el autor, 2009 |
||
| 300 | _a49 h. | ||
| 502 | _aTesis (Ing. Agr. Esp. en Parasitología Agrícola) -- UACh. Departamento Parasitología Agrícola | ||
| 650 |
_aHerminthosporium tritici _x repentis _9174667 |
||
| 650 |
_aLabranza de conservación _964308 |
||
| 650 |
_aPuccinia striiformis _992831 |
||
| 650 |
_aTrigo _xenfermedades _9115017 |
||
| 710 |
_aUACh. Departamento Parasitología Agrícola _9164025 |
||
| 901 | _aPA TESIS 2290 | ||
| 902 | _aM | ||
| 905 | _a500220 8000000000 00 | ||
| 910 | _a | ||
| 942 | _cPARA | ||
| 942 |
_cPARA _d2 |
||
| 999 |
_c208345 _d208345 |
||